000 00547nam a2200229Ia 4500
003 OSt
005 20221005125913.0
006 a|||||r|||| 00| 0
007 ta
008 221004b |||||||| |||| 00| 0 ben d
024 _a24847
037 _cTextual
040 _aCRL
_cCRL
_bben
041 _2ben
_aben
082 _aO,3x, 157K0
100 _aBasu M.
_9637291
245 0 _aPrithiveer shrest
260 _c1960
650 _aENGLISH LITERATURE
942 _hO,3x, 157K0
_cTEXL
_2cc
999 _c1055465
_d1055465